| 000 | 00856cam a2200241 i 4500 | ||
|---|---|---|---|
| 003 | IT-RoINE | ||
| 005 | 20200930043901.0 | ||
| 008 | 100217s2009 sp |r|||| 000 |bspa d | ||
| 020 | _a9788495745934 | ||
| 040 |
_aSpMaBN _bspa _cIT-RoINE _erdc _dIT-RoINE |
||
| 100 | 1 |
_aGarcía Cortés, Carlos _97500 |
|
| 245 | 1 | 0 |
_aZacarías Martínez Núñez : _b(1864-1933) : agustino, orador, apologista, obispo / _cCarlos García Cortés. |
| 260 |
_aGuadarrama (Madrid) : _bEditorial Agustiniana, _c2009. |
||
| 300 |
_a110 p. ; _c21 cm. |
||
| 336 |
_2rdacontent _atext |
||
| 337 |
_2rdamedia _aunmediated |
||
| 338 |
_2rdacarrier _avolume |
||
| 490 | 1 |
_aPerfiles ; _v30 |
|
| 504 | _aBibliografía: p. 99-110. | ||
| 600 | 1 | 4 |
_aMartínez Núñez, Zacarías, _d1864-1933 _xBiografía _97501 |
| 830 | 0 |
_aPerfiles (Editorial Revista Agustiniana) ; _915489 _v30 |
|
| 942 | _cMTS | ||
| 999 |
_c3637 _d3637 |
||